00417nam a2200145Ia 4500008004100000020001800041041000800059082001700067100004700084245003800131250000600169260006200175300001300237650002100250210716s2009 xx 000 0 und d a9788184046953 aeng a005.304 HIBC aHibbs, Curt, Jewett, Steve;Sullivan, Mike. aArt of lean software development. a1 aMumbaibShroff Publishers and Distributors Pvt Ltdc2009 axi128,15 aSoftware Testing